00749nam a2200181 a 450000100100000000500170001000800410002704000250006811001030009324500980019626000440029430000200033850000210035870000570037904900090043695201050044599900170055000002616020240704114906.0110303s1999 dr ac 000 0 spa d aDO-SdBNPbspacBNPHU1 aRepública Dominicana.bComisionado de Apoyo a la Reforma y Modernización de la Justicia91717910aNovedades de la reforma judicial 1998-1999 /cCoordinador general Aura Celeste Fernández R. aSanto Domingo :bEditora Búho,c1999. a[s.p.] ;c27 p. aIncluye índice1 aFernández Rodríguez, Aura Celeste,d1959-976547 aBNPD 0010718PDaPDbPDcCTd2011-03-03iLF1l0o p26160-10r2020-06-25w2020-06-25yLFPDZNo se presta c25652d25652